000 01123nam a2200349Ia 4500
001 dia_4534
003 CHAP
005 20251023162049.0
008 220117s2009 xx 000 0 und d
010 _a175192
020 _a978-970-686-838-1 \ 970-686-838-0
040 _cCHAP
082 _a658.4 H45 2009
100 _aHellriegel, Don
_953462
245 _aAdministración : un enfoque basado en competencias /
_c Don Hellriegel, Susan E. Jackson y John W. Slocum ; traducción Pilar Mascaró Sacristán
250 _a11a ed.
260 _aMéxico :
_b Cengage Learning,
_c2009
300 _axxix, 627 p.
500 _aTítulo original: Management
503 _aC/e
504 _aBibliografía: N1-24
590 _aHD31 H45 2009
650 _aAdministración
_9918
650 _aManagement
_9149975
700 _aJackson, Susan E., coaut.
_9156120
700 _aMascaró Sacristán, Pilar, tr.
_9156121
700 _aSlocum, John W., coaut.
_9156122
901 _a658.4 H45 2009
902 _aM
905 _a5232272009 MX aimn8222223322SPA16
942 _cLIBRO
_2ddc
999 _c175192
_d175192